| 000 | 00469 a2200157 4500 | ||
|---|---|---|---|
| 003 | OSt | ||
| 005 | 20240823111821.0 | ||
| 008 | 231019b |||||||| |||| 00| 0 eng d | ||
| 040 | _coclc | ||
| 082 |
_a297 _bMUS/A |
||
| 100 |
_aMusliyar, Kanthappuram A P Aboobacker _99773 |
||
| 245 |
_aAL HAJJ / _cKanthappuram A P Aboobacker Musliyar |
||
| 260 |
_aKozhikode: _bRead Press, _c2020. |
||
| 300 | _a313 p | ||
| 942 |
_2ddc _cBK _h297 _iMUS/A _k297 _mMUS/A |
||
| 999 |
_c42628 _d42628 |
||